|
|
|
|
| LEADER |
01910nam a2200457 i 4500 |
| 001 |
EBC1765501 |
| 003 |
MiAaPQ |
| 005 |
20200520144314.0 |
| 006 |
m o d | |
| 007 |
cr cnu|||||||| |
| 008 |
140826t20142014mnu ob 001 0 eng d |
| 020 |
|
|
|z 9780816680887
|
| 020 |
|
|
|a 9781452943183
|q (electronic bk.)
|
| 035 |
|
|
|a (MiAaPQ)EBC1765501
|
| 035 |
|
|
|a (Au-PeEL)EBL1765501
|
| 035 |
|
|
|a (CaPaEBR)ebr10907619
|
| 035 |
|
|
|a (CaONFJC)MIL636362
|
| 035 |
|
|
|a (OCoLC)887508120
|
| 040 |
|
|
|a MiAaPQ
|b eng
|e rda
|e pn
|c MiAaPQ
|d MiAaPQ
|
| 050 |
|
4 |
|a HE323
|b .C69 2014
|
| 082 |
0 |
|
|a 388/.044
|2 23
|
| 100 |
1 |
|
|a Cowen, Deborah,
|e author.
|
| 245 |
1 |
4 |
|a The deadly life of logistics :
|b mapping the violence of global trade /
|c Deborah Cowen.
|
| 264 |
|
1 |
|a Minneapolis, Minnesota :
|b University of Minnesota Press,
|c 2014.
|
| 264 |
|
4 |
|c 2014
|
| 300 |
|
|
|a 1 online resource (300 pages)
|
| 336 |
|
|
|a text
|2 rdacontent
|
| 337 |
|
|
|a computer
|2 rdamedia
|
| 338 |
|
|
|a online resource
|2 rdacarrier
|
| 504 |
|
|
|a Includes bibliographical references and index.
|
| 588 |
|
|
|a Description based on print version record.
|
| 590 |
|
|
|a Electronic reproduction. Ann Arbor, MI : ProQuest, 2015. Available via World Wide Web. Access may be limited to ProQuest affiliated libraries.
|
| 650 |
|
0 |
|a Transportation corridors
|x Political aspects.
|
| 650 |
|
0 |
|a Business logistics
|x Political aspects.
|
| 650 |
|
0 |
|a Trade routes
|x Security measures.
|
| 650 |
|
0 |
|a Freight and freightage
|x Security measures.
|
| 650 |
|
0 |
|a Cargo theft.
|
| 655 |
|
4 |
|a Electronic books.
|
| 776 |
0 |
8 |
|i Print version:
|a Cowen, Deborah.
|t Deadly life of logistics : mapping the violence of global trade.
|d Minneapolis, Minnesota : University of Minnesota Press, c2014
|h vii, 290 pages
|z 9780816680887
|w 2014002042
|
| 797 |
2 |
|
|a ProQuest (Firm)
|
| 856 |
4 |
0 |
|u https://ebookcentral.proquest.com/lib/matrademy/detail.action?docID=1765501
|z Click to View
|